|
|
|
|
| LEADER |
00000nam0a2200000 4500 |
| 001 |
14349 |
| 005 |
20231101204938.0 |
| 010 |
|
|
|a 5872881495
|
| 035 |
|
|
|a (RuTPU)RU\TPU\book\14442
|
| 035 |
|
|
|a BOOK00014510
|
| 090 |
|
|
|a 14349
|
| 100 |
|
|
|a 20011209d1998 km y0rusy50 ca
|
| 101 |
0 |
|
|a rus
|
| 102 |
|
|
|a RU
|
| 105 |
|
|
|a y z 000zy
|
| 200 |
1 |
|
|a Избранное
|a Классические произведения литературы Древней Руси. Заметки о русском
|f Д. С. Лихачев
|
| 210 |
|
|
|a СПб.
|c Logos
|d 1998
|
| 215 |
|
|
|a 560 с.
|
| 517 |
1 |
|
|a Великое наследие
|
| 610 |
1 |
|
|a культура
|
| 610 |
1 |
|
|a литература
|
| 610 |
1 |
|
|a история
|
| 610 |
1 |
|
|a Древняя Русь
|
| 610 |
1 |
|
|a древнерусская литература
|
| 610 |
1 |
|
|a Россия
|
| 686 |
|
|
|a Ч113(2)
|v LBC/SL-A
|2 rubbk
|
| 700 |
|
1 |
|a Лихачев
|b Д. С.
|c российский литературовед и общественный деятель
|c академик РАН
|f 1906-1999
|g Дмитрий Сергеевич
|2 stltpush
|3 (RuTPU)RU\TPU\pers\14350
|9 4743
|
| 801 |
|
0 |
|a RU
|b 63413507
|c 20011209
|g PSBO
|
| 801 |
|
2 |
|a RU
|b 63413507
|c 20130114
|g PSBO
|
| 942 |
|
|
|c BK
|